[Event "VIE-ch"]
[Site "Hanoi"]
[Date "2024.03.15"]
[Round "8"]
[White "Tran, Ngoc Lan"]
[Black "Nguyen, Anh Huy1"]
[Result "1-0"]
[WhiteElo "2115"]
[BlackElo "1864"]
[PlyCount "63"]
[EventDate "2024.03.11"]
[EventType "swiss"]
[EventRounds "9"]
[EventCountry "VIE"]
[SourceTitle "CB13_2024"]
[SourceDate "2024.03.27"]
[SourceVersion "1"]
[SourceVersionDate "2024.03.27"]
[SourceQuality "1"]

1. d4 Nf6 2. Bf4 e6 3. c4 d5 4. Nc3 Be7 5. Nf3 0-0 6. e3 c5 7. Be2 Nc6 8. 0-0 cxd4 9. Nxd4 Qb6 10. cxd5 exd5 11. Ndb5 Be6 12. Bc7 Qc5 13. a3 Nb8 14. Rc1 Qc6 15. Ne4 Qd7 16. Nxf6+ gxf6 17. Bf4 Nc6 18. Bd3 a6 19. Qh5 f5 20. Nd4 Nxd4 21. exd4 Rfc8 22. Rce1 Bf6 23. Be5 Bxe5 24. Rxe5 f6 25. Rxe6 Qxe6 26. Bxf5 Qc6 27. Qxh7+ Kf8 28. Re1 Qc1 29. Qe7+ Kg8 30. Be6+ Kh8 31. Qxf6+ Kh7 32. Bf5+ 1-0

[Event "VIE-ch"]
[Site "Hanoi"]
[Date "2024.03.12"]
[Round "3"]
[White "Banh, Gia Huy"]
[Black "Tran, Ngoc Lan"]
[Result "1-0"]
[WhiteElo "2390"]
[BlackElo "2115"]
[PlyCount "71"]
[EventDate "2024.03.11"]
[EventType "swiss"]
[EventRounds "9"]
[EventCountry "VIE"]
[SourceTitle "CB13_2024"]
[SourceDate "2024.03.27"]
[SourceVersion "1"]
[SourceVersionDate "2024.03.27"]
[SourceQuality "1"]

1. e4 e5 2. Nf3 Nf6 3. d4 Nxe4 4. Bd3 d5 5. Nxe5 Nd7 6. Nc3 Nxe5 7. dxe5 Nxc3 8. bxc3 Qh4 9. 0-0 Bg4 10. Qd2 0-0-0 11. Qf4 Be7 12. Bf5+ Bxf5 13. Qxf5+ Kb8 14. Qxf7 Rhf8 15. Qxg7 Rg8 16. Qf7 Bc5 17. g3 Rxg3+ 18. hxg3 Qxg3+ 19. Kh1 Qh3+ 20. Kg1 Qg4+ 21. Kh2 Rg8 22. Qxg8+ Qxg8 23. Be3 Bxe3 24. fxe3 b6 25. Rf5 Qe6 26. Raf1 Qh6+ 27. Kg3 Qxe3+ 28. Kg4 Qxc3 29. Kg5 Qxc2 30. e6 Qe4 31. Kf6 Kc8 32. R1f4 Qh1 33. Rg4 Qh6+ 34. Kf7 Qh3 35. Rfg5 h6 36. Rg8+ 1-0

[Event "VIE-ch"]
[Site "Hanoi"]
[Date "2024.03.11"]
[Round "1"]
[White "Nguyen, Duy Dat"]
[Black "Tran, Ngoc Lan"]
[Result "1/2-1/2"]
[WhiteElo "1625"]
[BlackElo "2115"]
[PlyCount "119"]
[EventDate "2024.03.11"]
[EventType "swiss"]
[EventRounds "9"]
[EventCountry "VIE"]
[SourceTitle "CB13_2024"]
[SourceDate "2024.03.27"]
[SourceVersion "1"]
[SourceVersionDate "2024.03.27"]
[SourceQuality "1"]

1. e4 Nf6 2. e5 Nd5 3. d4 d6 4. c4 Nb6 5. Nf3 Bg4 6. exd6 exd6 7. Be3 Nc6 8. Nbd2 Be7 9. Be2 0-0 10. 0-0 Re8 11. h3 Bh5 12. Rc1 Bf6 13. a3 Bg6 14. b4 Ne7 15. Nb3 Nf5 16. Bf4 Qd7 17. Bd3 Qa4 18. Qc2 Ne7 19. Bd2 d5 20. Bxg6 Nxg6 21. Na5 Qxc2 22. Rxc2 Nxc4 23. Nxc4 dxc4 24. Rxc4 c6 25. Be3 h6 26. Nd2 Ne7 27. Rc3 Rad8 28. Nb3 Nf5 29. Rd3 Rd5 30. Rfd1 Red8 31. g4 Nd6 32. Nc5 b6 33. Nb3 Nc4 34. Rc1 Nxa3 35. Rxc6 Nb5 36. Rc1 Be7 37. Bd2 Nxd4 38. Nxd4 Rxd4 39. Rxd4 Rxd4 40. Be3 Rxb4 41. Rc7 Re4 42. Rxa7 b5 43. Rb7 b4 44. Kf1 f6 45. Ke2 Kf7 46. f4 Rc4 47. Bd2 Rc2 48. Kd3 Rb2 49. Be1 g6 50. Kc4 f5 51. gxf5 g5 52. fxg5 hxg5 53. Bxb4 Rxb4+ 54. Rxb4 Bxb4 55. Kxb4 Kf6 56. Kc4 Kxf5 57. Kd3 Kf4 58. h4 gxh4 59. Ke2 Kg3 60. Kf1 1/2-1/2

[Event "VIE Cup"]
[Site "Hanoi"]
[Date "2021.??.??"]
[Round "4"]
[White "Tran, Ngoc Lan"]
[Black "Doan, Van Duc"]
[Result "1-0"]
[WhiteElo "2189"]
[BlackElo "2127"]
[PlyCount "107"]
[EventDate "2021.05.03"]
[EventType "swiss"]
[EventRounds "9"]
[EventCountry "VIE"]
[SourceTitle "EXT 2022"]
[Source "ChessBase"]
[SourceDate "2021.10.06"]
[SourceVersion "1"]
[SourceVersionDate "2021.10.06"]
[SourceQuality "1"]

1. d4 Nf6 2. Bg5 d5 3. Bxf6 exf6 4. e3 Bd6 5. c4 dxc4 6. Bxc4 0-0 7. Nc3 c6 8. Nf3 Nd7 9. 0-0 f5 10. a3 a5 11. Ba2 Re8 12. Re1 h6 13. Qb3 Re7 14. e4 fxe4 15. Rxe4 Nf6 16. Rxe7 Qxe7 17. Re1 Qc7 18. Qc2 Bg4 19. Ne5 Re8 20. Nb5 cxb5 21. Qxc7 Bxc7 22. Bxf7+ Kf8 23. Bxe8 Bxe5 24. Rxe5 Nxe8 25. Rxb5 Nd6 26. Rxa5 Ke7 27. f3 Be6 28. Kf2 Kd7 29. g4 Ke7 30. h4 Kd7 31. Kg3 Ke7 32. Re5 Nc4 33. Rb5 Nd6 34. Rc5 Kd7 35. b4 Bb3 36. Rc3 Ba4 37. Kf4 Nb5 38. Re3 Kd6 39. Re2 Nc3 40. Re1 Nd5+ 41. Kg3 Bc6 42. f4 b5 43. f5 Bd7 44. Re5 Ne7 45. Kf4 Nd5+ 46. Ke4 Nc3+ 47. Kd3 Nb1 48. g5 hxg5 49. hxg5 Nxa3 50. g6 Nc4 51. f6 gxf6 52. g7 fxe5 53. g8Q exd4 54. Kxd4 1-0

[Event "VIE-ch"]
[Site "Hanoi"]
[Date "2020.10.08"]
[Round "5"]
[White "Tran, Ngoc Lan"]
[Black "Nguyen, Van Huy"]
[Result "0-1"]
[WhiteElo "2207"]
[BlackElo "2444"]
[PlyCount "74"]
[EventDate "2020.10.05"]
[EventType "swiss"]
[EventRounds "9"]
[EventCountry "VIE"]
[SourceTitle "EXT 2022"]
[Source "ChessBase"]
[SourceDate "2021.10.06"]
[SourceVersion "1"]
[SourceVersionDate "2021.10.06"]
[SourceQuality "1"]

1. e4 c6 2. Nc3 d5 3. Nf3 Bg4 4. h3 Bxf3 5. Qxf3 Nf6 6. d3 e6 7. a3 Bd6 8. g3 0-0 9. Bg2 Nbd7 10. 0-0 a5 11. d4 Nxe4 12. Nxe4 dxe4 13. Qxe4 a4 14. c4 Qa5 15. Rd1 Rfd8 16. Bd2 Qa6 17. Rac1 Be7 18. Bc3 Bf6 19. Bb4 Qb6 20. Rc2 Nf8 21. Rcd2 Rd7 22. Bc5 Qc7 23. Qe3 Rc8 24. Kh2 Ng6 25. Bb4 h6 26. d5 cxd5 27. cxd5 Bg5 28. f4 Nxf4 29. d6 Nxg2 30. Qxg5 Qb6 31. Ba5 Qa6 32. Qe7 Rxe7 33. dxe7 Ne3 34. Rd8+ Kh7 35. Re1 Qxa5 36. Red1 Rc2+ 37. Kg1 Nxd1 0-1

[Event "Ho Chi Minh City HD Bank op 9th"]
[Site "Ho Chi Minh City"]
[Date "2019.03.08"]
[Round "3"]
[White "Bach, Ngoc Thuy Duong"]
[Black "Tran, Ngoc Lan"]
[Result "1/2-1/2"]
[WhiteElo "2117"]
[BlackElo "2250"]
[PlyCount "58"]
[EventDate "2019.03.07"]
[EventType "swiss"]
[EventRounds "9"]
[EventCountry "VIE"]
[SourceTitle "CBM 189 Extra"]
[Source "ChessBase"]
[SourceDate "2019.06.03"]
[SourceVersion "1"]
[SourceVersionDate "2019.06.03"]
[SourceQuality "1"]

1. d4 d5 2. c4 c6 3. Nf3 Nf6 4. Nc3 e6 5. Bg5 Nbd7 6. e3 Qa5 7. Nd2 Bb4 8. Qc2 0-0 9. Be2 Ne4 10. Ndxe4 dxe4 11. Bh4 e5 12. dxe5 Bxc3+ 13. bxc3 Nxe5 14. 0-0 Bf5 15. Rfd1 f6 16. Qb3 Rf7 17. Qb4 Qc7 18. c5 Rd8 19. Rxd8+ Qxd8 20. Rd1 Rd7 21. Rxd7 Qxd7 22. Qd4 Be6 23. Bg3 Qxd4 24. cxd4 Nc4 25. Bxc4 Bxc4 26. Bb8 b5 27. cxb6 axb6 28. Ba7 b5 29. a3 Kf7 1/2-1/2

[Event "Hanoi op"]
[Site "Hanoi"]
[Date "2019.02.24"]
[Round "5"]
[White "Luong, Hoang Tu Linh"]
[Black "Tran, Ngoc Lan"]
[Result "1-0"]
[WhiteElo "1581"]
[BlackElo "2250"]
[PlyCount "89"]
[EventDate "2019.02.22"]
[EventType "swiss"]
[EventRounds "9"]
[EventCountry "VIE"]
[SourceTitle "EXT 2021"]
[Source "ChessBase"]
[SourceDate "2020.10.23"]
[SourceVersion "1"]
[SourceVersionDate "2020.10.23"]
[SourceQuality "1"]

1. d4 d5 2. Nf3 c5 3. c4 dxc4 4. Qa4+ Nc6 5. dxc5 Qa5+ 6. Qxa5 Nxa5 7. Bd2 Nc6 8. Na3 e5 9. Nxc4 f6 10. b4 e4 11. Ng1 b6 12. cxb6 Be6 13. Na5 Nxa5 14. bxa5 axb6 15. axb6 Rxa2 16. Rb1 Bd6 17. e3 Ne7 18. Bb5+ Kf7 19. Ne2 Be5 20. Nf4 Bxf4 21. exf4 Rb8 22. Be3 Nf5 23. 0-0 Nxe3 24. fxe3 f5 25. Rfc1 Rd2 26. Rc7+ Kf6 27. b7 Rd6 28. Bc6 h5 29. Ra1 Rxc6 30. Rxc6 Rxb7 31. Raa6 Re7 32. Kf2 Re8 33. Kg3 Re7 34. Kh4 g6 35. Rcb6 Re8 36. h3 Re7 37. Ra8 Kg7 38. Kg5 Bf7 39. Rab8 Rc7 40. R8b7 Rc2 41. Rxg6+ Kf8 42. Rf6 Rxg2+ 43. Kxf5 Rg7 44. Kxe4 Kg8 45. Rfxf7 1-0

[Event "Ho Chi Minh City HD Bank op 7th"]
[Site "Ho Chi Minh City"]
[Date "2017.03.16"]
[Round "7"]
[White "Tran, Ngoc Lan"]
[Black "Ali, Muhammad Lutfi"]
[Result "1/2-1/2"]
[WhiteElo "2254"]
[BlackElo "2416"]
[PlyCount "78"]
[EventDate "2017.03.12"]
[EventType "swiss"]
[EventRounds "9"]
[EventCountry "VIE"]
[SourceTitle "CBM 177 Extra"]
[Source "ChessBase"]
[SourceDate "2017.04.27"]
[SourceVersion "1"]
[SourceVersionDate "2017.04.27"]
[SourceQuality "1"]

1. e4 g6 2. d4 Bg7 3. Nc3 d6 4. Be3 a6 5. a4 Nc6 6. d5 Ne5 7. Bd4 Nf6 8. f4 Ned7 9. e5 Nh5 10. g4 Nxf4 11. e6 Ne5 12. exf7+ Kxf7 13. Qd2 g5 14. h4 h6 15. Ne4 Bf6 16. Be3 Bxg4 17. Bxf4 gxf4 18. Qxf4 Qd7 19. Be2 Qf5 20. Qxf5 Bxf5 21. Nxf6 exf6 22. 0-0-0 Be4 23. Rh3 Ke7 24. Rb3 b6 25. Nh3 Bf5 26. Nf4 Ng6 27. Rf1 Rhf8 28. Nh5 Bd7 29. Rg3 Ne5 30. Rg7+ Rf7 31. Rxf7+ Nxf7 32. Nxf6 Ne5 33. Nxd7 Nxd7 34. Rg1 Kf6 35. Rf1+ Ke7 36. Rg1 Kf6 37. Rf1+ Kg7 38. Rg1+ Kf6 39. Rf1+ Ke5 1/2-1/2

[Event "Ho Chi Minh City HD Bank op 7th"]
[Site "Ho Chi Minh City"]
[Date "2017.03.14"]
[Round "4"]
[White "Dimakiling, Oliver"]
[Black "Tran, Ngoc Lan"]
[Result "0-1"]
[WhiteElo "2405"]
[BlackElo "2254"]
[PlyCount "132"]
[EventDate "2017.03.12"]
[EventType "swiss"]
[EventRounds "9"]
[EventCountry "VIE"]
[SourceTitle "CBM 177 Extra"]
[Source "ChessBase"]
[SourceDate "2017.04.27"]
[SourceVersion "1"]
[SourceVersionDate "2017.04.27"]
[SourceQuality "1"]

1. Nf3 d5 2. b3 Nf6 3. e3 c6 4. Bb2 Bf5 5. Nh4 Bg4 6. f3 Be6 7. g3 Nbd7 8. Nc3 g5 9. Ng2 Bh3 10. d4 e6 11. Qd2 g4 12. fxg4 Nxg4 13. Nf4 Bxf1 14. Rxf1 Bb4 15. a3 Bxc3 16. Bxc3 Ndf6 17. Qe2 Rg8 18. 0-0-0 Ne4 19. Be1 Qg5 20. h3 Ngf6 21. g4 e5 22. dxe5 Qxe5 23. Rd4 0-0-0 24. Nd3 Qd6 25. Ra4 a6 26. Rf5 Rde8 27. Kb2 Rg5 28. Rf4 Qe6 29. Qf1 Nd7 30. Rxf7 Nef6 31. Qf4 Qxf7 32. Qxg5 Ne4 33. Qf4 Qg7+ 34. Ka2 Rf8 35. Rxe4 Rxf4 36. Rxf4 Qe7 37. Bf2 Qg7 38. e4 Qc3 39. Kb1 Ne5 40. Be1 Qd4 41. Bf2 Qc3 42. Rf8+ Kd7 43. Nxe5+ Qxe5 44. exd5 Qxd5 45. h4 Qd1+ 46. Kb2 Qxg4 47. Rf7+ Ke6 48. Rxb7 Qf4 49. Be1 Qe4 50. Bc3 Qxh4 51. Rb6 Qe4 52. Rxa6 h5 53. Ra5 h4 54. Rh5 Qg4 55. Rh6+ Kd5 56. a4 h3 57. a5 Kc5 58. Rh7 Kb5 59. Rb7+ Ka6 60. Rb6+ Ka7 61. Be5 Qe2 62. Bb8+ Ka8 63. Bd6 Qe4 64. Rb8+ Ka7 65. Rd8 Qf5 66. Bb8+ Kb7 0-1

[Event "Ho Chi Minh City HD Bank op 7th"]
[Site "Ho Chi Minh City"]
[Date "2017.03.14"]
[Round "5"]
[White "Tran, Ngoc Lan"]
[Black "Cao, Sang"]
[Result "1/2-1/2"]
[WhiteElo "2254"]
[BlackElo "2406"]
[PlyCount "147"]
[EventDate "2017.03.12"]
[EventType "swiss"]
[EventRounds "9"]
[EventCountry "VIE"]
[SourceTitle "CBM 177 Extra"]
[Source "ChessBase"]
[SourceDate "2017.04.27"]
[SourceVersion "1"]
[SourceVersionDate "2017.04.27"]
[SourceQuality "1"]

1. e4 c5 2. Nc3 Nc6 3. g3 g6 4. Bg2 Bg7 5. d3 d6 6. f4 e6 7. Nf3 Nge7 8. 0-0 0-0 9. Be3 Rb8 10. a4 Nd4 11. Rb1 Nec6 12. Ne2 Qa5 13. b3 a6 14. c4 b5 15. axb5 axb5 16. Nfxd4 cxd4 17. Bd2 Qb6 18. Qc2 Bd7 19. Ra1 bxc4 20. bxc4 Qb2 21. Ra2 Qxc2 22. Rxc2 Rb3 23. Ra1 Rfb8 24. Nc1 Nb4 25. Bxb4 R3xb4 26. Kf2 e5 27. Bf3 h5 28. Ra6 R4b6 29. Rca2 Bg4 30. Bxg4 hxg4 31. Rxb6 Rxb6 32. fxe5 Bxe5 33. Ke1 Kg7 34. Rf2 Bf6 35. Kd1 Bg5 36. Kc2 Be3 37. Re2 Ra6 38. Nb3 f5 39. exf5 gxf5 40. Kb2 Ra8 41. Na1 Rb8+ 42. Ka2 Kf6 43. Nc2 Ke5 44. Nxe3 dxe3 45. Rxe3+ Kd4 46. Re6 Kxd3 47. Rxd6+ Kxc4 48. Rf6 Rb5 49. h3 gxh3 50. Rh6 Kd5 51. Rxh3 Rb8 52. Rh5 Ke6 53. Rh6+ Ke5 54. Ra6 Rb4 55. Rc6 Ke4 56. Ka3 Rd4 57. Kb2 Rd2+ 58. Kc1 Rg2 59. Rc3 Rf2 60. Kd1 Rf3 61. Rc4+ Ke3 62. Ke1 Rxg3 63. Rc3+ Kf4 64. Rc4+ Kf3 65. Kf1 Rh3 66. Rc3+ Kg4 67. Rxh3 Kxh3 68. Kf2 Kg4 69. Kg2 Kf4 70. Kf2 Ke4 71. Ke2 f4 72. Kf2 f3 73. Kf1 Ke5 74. Kf2 1/2-1/2

[Event "VIE-ch"]
[Site "Vietnam"]
[Date "2016.04.27"]
[Round "1"]
[White "Tran, Ngoc Lan"]
[Black "Nguyen, Huynh Minh Huy"]
[Result "1/2-1/2"]
[WhiteElo "2250"]
[BlackElo "2462"]
[PlyCount "128"]
[EventDate "2016.04.27"]
[EventType "swiss"]
[EventRounds "9"]
[EventCountry "VIE"]
[SourceTitle "CBM 172 Extra"]
[Source "ChessBase"]
[SourceDate "2016.06.21"]
[SourceVersion "1"]
[SourceVersionDate "2016.06.21"]
[SourceQuality "1"]

1. e4 c5 2. Nc3 Nc6 3. Bb5 Nd4 4. Bc4 g6 5. d3 Bg7 6. Nge2 e6 7. 0-0 Ne7 8. Nxd4 cxd4 9. Ne2 d5 10. Bb5+ Bd7 11. Bxd7+ Qxd7 12. Bg5 Nc6 13. Qd2 h6 14. Bf4 f5 15. f3 Rd8 16. Bg3 e5 17. Bh4 g5 18. Bf2 0-0 19. Ng3 Ne7 20. exf5 Nxf5 21. Nxf5 Qxf5 22. Rae1 b6 23. Bg3 Rde8 24. Rf2 h5 25. h3 Re6 26. Rfe2 Rfe8 27. Qb4 h4 28. Bf2 Qf4 29. Qb3 Rd8 30. Re4 Qf5 31. R4e2 Rc6 32. Kh1 Rc7 33. Bg1 Bf6 34. Bh2 Re7 35. Qb5 Kf7 36. Qc6 Qe6 37. Qb5 Qf5 38. a4 Kg6 39. a5 bxa5 40. Qxa5 Qd7 41. b3 Rc8 42. Qb4 Qc7 43. Qb5 Qc6 44. Qb4 Rce8 45. Qd2 Kf7 46. Qa5 Kg6 47. Qd2 Kf7 48. Qa5 a6 49. Qd2 e4 50. fxe4 dxe4 51. dxe4 Rxe4 52. Kg1 Re3 53. Rxe3 dxe3 54. Qd3 Kg7 55. Kf1 Rd8 56. Qxe3 Qxc2 57. Be5 Qf5+ 58. Kg1 Bxe5 59. Qxe5+ Qxe5 60. Rxe5 Kf6 61. Ra5 Rd6 62. Kf2 Rb6 63. b4 Rxb4 64. Rxa6+ Kf5 1/2-1/2

[Event "Ho Chi Minh City HD Bank op-A 6th"]
[Site "Ho Chi Minh City"]
[Date "2016.03.12"]
[Round "7"]
[White "Nguyen, Dang Hong Phuc"]
[Black "Tran, Ngoc Lan"]
[Result "1-0"]
[WhiteElo "2155"]
[BlackElo "2298"]
[PlyCount "147"]
[EventDate "2016.03.08"]
[EventType "swiss"]
[EventRounds "9"]
[EventCountry "VIE"]
[SourceTitle "CBM 171 Extra"]
[Source "ChessBase"]
[SourceDate "2016.04.26"]
[SourceVersion "1"]
[SourceVersionDate "2016.04.26"]
[SourceQuality "1"]

1. d4 d5 2. Nf3 Nf6 3. c4 e6 4. g3 dxc4 5. Bg2 a6 6. 0-0 Nc6 7. Nc3 Rb8 8. a4 Be7 9. e3 0-0 10. Nd2 Na5 11. Qe2 c5 12. dxc5 Bxc5 13. Nxc4 Nb3 14. Rb1 b5 15. axb5 axb5 16. Nd2 Nxc1 17. Rbxc1 Be7 18. Rfd1 Qb6 19. Nb3 Bb7 20. Bxb7 Rxb7 21. Nd4 b4 22. Na4 Qa5 23. b3 Re8 24. Qf3 Qd5 25. Qxd5 Nxd5 26. e4 Nc3 27. Nxc3 bxc3 28. Nc6 Bb4 29. Rd4 Ba3 30. Rxc3 Bb2 31. Rd8 Rxd8 32. Nxd8 Rb8 33. Rd3 Kf8 34. Nc6 Rc8 35. Na5 e5 36. Nc4 Bd4 37. Kg2 Ke7 38. Ne3 Bxe3 39. Rxe3 Rc2 40. Rd3 Rb2 41. Rd5 Rxb3 42. Rxe5+ Kf6 43. Rf5+ Ke6 44. g4 f6 45. Ra5 Kf7 46. g5 h6 47. gxh6 gxh6 48. h4 Rb7 49. Kg3 Kg6 50. Kg4 Rc7 51. h5+ Kf7 52. Kf5 Rb7 53. f4 Kg7 54. Rd5 Kf7 55. Rd6 Rb5+ 56. e5 fxe5 57. fxe5 Rb1 58. Rd7+ Kf8 59. Rd6 Rf1+ 60. Kg6 Ke7 61. Kxh6 Re1 62. Rd5 Ke6 63. Ra5 Kf5 64. Kg7 Rb1 65. Ra7 Kxe5 66. h6 Rg1+ 67. Kf8 Rf1+ 68. Kg8 Rg1+ 69. Kf8 Rf1+ 70. Rf7 Rh1 71. h7 Ke6 72. Kg8 Ra1 73. h8Q Ra8+ 74. Rf8 1-0